| 000 | 00861nam a2200277 c 4500 | ||
|---|---|---|---|
| 003 | BLK | ||
| 005 | 20240517093332.0 | ||
| 008 | 180408b bul|||||r ||||||| ||bul|| | ||
| 010 | _aKNG00053366000 | ||
| 040 | _aBLK | ||
| 041 |
_aDEU _cDEU |
||
| 080 |
_aЛитература на отделни езици и езикови семейства _b821 _x(=30)(031) _z821(=30)(031) |
||
| 084 | _aK 83 | ||
| 139 | _aKritisches Lexikon zur deutschsprachigen Gegenwartsliteratur | ||
| 245 | 1 | 0 |
_aKritisches Lexikon zur deutschsprachigen Gegenwartsliteratur _bBd. 1-9 _nBd. 1 |
| 260 |
_bText+Kritik _c1995 _aMunchen |
||
| 300 | _c21 cm | ||
| 380 | _a82 | ||
| 760 | 1 |
_h21 cm _tBd. 1 |
|
| 852 | _aЦб 187719 | ||
| 856 | 4 | _qpdf | |
| 856 | 4 | _qpdf | |
| 942 |
_cKNG _n0 |
||
| 944 |
_aCR _c01.01.1999 _k30556 _lТеодора Пейчева-Дянкова |
||
| 944 |
_aED _c13.02.2017 _kЛили_Борисова |
||
| 999 |
_c49511 _d49511 |
||